|
|
|
|
| LEADER |
01185nam a2200313 i 4500 |
| 001 |
39212 |
| 003 |
BD-DhAAL |
| 008 |
220728t2016 enk 001 0aeng d |
| 999 |
|
|
|c 44675
|d 44675
|
| 010 |
|
|
|a 2015031717
|
| 020 |
|
|
|a 9789351503217 (hardback : alk. paper)
|
| 040 |
|
|
|a DLC
|b eng
|c DLC
|e rda
|d DLC
|d BD-DhAAL
|
| 042 |
|
|
|a pcc
|
| 043 |
|
|
|a a-bg---
|
| 050 |
0 |
0 |
|a HB126.B263
|b S63 2016
|
| 082 |
0 |
0 |
|a 954.9204092
|2 23
|
| 100 |
1 |
|
|a Sobhan, Rehman,
|e author.
|9 50387
|
| 245 |
1 |
0 |
|a Untranquil recollections :
|b the years of fulfillment /
|c Rehman Sobhan.
|
| 264 |
|
1 |
|a Los Angeles ;
|a London :
|b SAGE,
|c 2016.
|
| 300 |
|
|
|a xx, 444 pages ;
|c 23 cm.
|
| 500 |
|
|
|a Includes index.
|
| 541 |
|
|
|a Donated By Akbar Ali Khan
|e 39212
|
| 600 |
1 |
0 |
|a Sobhan, Rehman.
|9 50387
|
| 650 |
|
0 |
|a Economists
|z Bangladesh
|v Biography.
|9 50388
|
| 650 |
|
0 |
|a Political activists
|z Bangladesh
|v Biography.
|9 50389
|
| 651 |
|
0 |
|a Bangladesh
|x History.
|9 50390
|
| 852 |
|
|
|a Ayesha Abed Library
|c Akbar Ali Khan Collection
|
| 942 |
|
|
|2 ddc
|c BK
|
| 952 |
|
|
|0 0
|1 0
|2 ddc
|4 0
|6 954_920409200000000_SOB
|7 1
|9 71401
|a BRACUL
|b BRACUL
|c CS1
|d 2022-07-28
|e Donated by Akbar Ali Khan
|l 0
|o 954.9204092 SOB
|p 3010039212
|r 2022-07-28
|t 1
|w 2022-07-28
|y BK
|